Актуальные вопросы физической культуры и спорта. Т. 22 (Запись № 12431921)

Подробности
000 -МАРКЕР
контрольное поле 01558nam2a2200205 4500
001 - ИДЕНТИФИКАТОР ЗАПИСИ
контрольное поле RU\NLR\PER_A\002678723_000020
005 - ИДЕНТИФИКАТОР ВЕРСИИ
контрольное поле 20250624064058.0
035 ## - ДРУГИЕ СИСТЕМНЫЕ НОМЕРА
Идентификатор записи (NLR Aleph) 012551682
100 ## - ДАННЫЕ ОБЩЕЙ ОБРАБОТКИ
Данные общей обработки 20210623d2020 |||y0rusy50 ca
101 0# - ЯЗЫК РЕСУРСА
Язык текста, звукозаписи и т.д. русский
102 ## - СТРАНА ПУБЛИКАЦИИ ИЛИ ПРОИЗВОДСТВА
Страна публикации Российская Федерация
200 0# - ЗАГЛАВИЕ И СВЕДЕНИЯ ОБ ОТВЕТСТВЕННОСТИ
Основное заглавие Т. 22
210 ## - ПУБЛИКАЦИЯ, РАСПРОСТРАНЕНИЕ И ДР.
Дата издания, распространения и т.д. 2020
Место издания, распространения и т.д. Б. м.
461 #0 - УРОВЕНЬ НАБОРА
Встроенное поле 001RU\NLR\Per\495047
-- 2001#$aАктуальные вопросы физической культуры и спорта$eтруды Научно-исследовательского института проблем физической культуры и спорта КГУФКСТ$fКубан. гос. ун-т физ. культуры, спорта и туризма, НИИ пробл. физ. культуры и спорта$vТ. 22
Системный номер (АБИС) связанной записи 4116835
Место публикации Краснодар
Дата публикации 2005 -
Первые сведения об ответственности Кубан. гос. ун-т физ. культуры, спорта и туризма, НИИ пробл. физ. культуры и спорта
Имя издателя, распространителя и т.д. Редакционно-издательский отдел Кубанского государственного университета физической культуры, спорта и туризма
Сведения, относящиеся к заглавию труды Научно-исследовательского института проблем физической культуры и спорта КГУФКСТ
Заглавие Актуальные вопросы физической культуры и спорта
ISSN 2949-3005
Номер тома Т. 22
852 ## - МЕСТОНАХОЖДЕНИЕ И ШИФР ХРАНЕНИЯ
Идентификатор организации NLR
Шифр хранения (Call Number) П41/354
942 ## - ДОПОЛНИТЕЛЬНЫЕ ЭЛЕМЕНТЫ ЗАПИСИ (АБИС)
Тип экземпляра АБИС Выпуск
980 ## - КОЛЛЕКЦИЯ
Название коллекции Национальная библиография
980 ## - КОЛЛЕКЦИЯ
Название коллекции Русская периодика

Нет доступных экземпляров.